|
|
|
|
| LEADER |
02258nam a22005412i 4500 |
| 001 |
000439069 |
| 003 |
CZ BrMZK |
| 005 |
20190402140309.0 |
| 007 |
ta |
| 008 |
990305s1927 xr af gr 000 f cze |
| 015 |
|
|
|a cnb000556648
|
| 035 |
|
|
|a (OCoLC)320698709
|
| 040 |
|
|
|a ABD005
|b cze
|d BOA001
|e rda
|
| 072 |
|
7 |
|x Česká próza
|a 821.162.3-3
|2 Konspekt
|9 25
|
| 080 |
|
|
|a 821.162.3-32
|2 MRF
|
| 080 |
|
|
|a (0:82-32)
|2 MRF
|
| 080 |
|
|
|a (0.027.6)
|2 MRF
|
| 100 |
1 |
|
|a Dyk, Viktor,
|d 1877-1931
|7 jk01030247
|4 aut
|
| 245 |
1 |
0 |
|a Klíč :
|b povídka o zločinu /
|c Viktor Dyk ; tři lepty L. Dvořáčka
|
| 246 |
3 |
2 |
|a Píseň o vrbě
|
| 264 |
|
1 |
|a Hranice na Moravě :
|b Josef Hladký
|c 1927
|
| 264 |
|
3 |
|a V Praze :
|b knihtiskárna Orbis
|
| 300 |
|
|
|a 31 stran, 3 nečíslované listy obrazových příloh :
|b ilustrace ;
|c 20 cm
|
| 336 |
|
|
|a text
|b txt
|2 rdacontent
|
| 337 |
|
|
|a bez média
|b n
|2 rdamedia
|
| 338 |
|
|
|a svazek
|b nc
|2 rdacarrier
|
| 490 |
1 |
|
|a Knihomilská edice Amfora / Josef Hladký ;
|v svazek prvý
|
| 500 |
|
|
|a Bibliofilie
|
| 500 |
|
|
|a Reference: Sáňka III 1401
|
| 500 |
|
|
|a Vydáno k básníkově padesátce
|
| 500 |
|
|
|a Povídka z Dykovy knihy Píseň o vrbě z roku 1908
|
| 500 |
|
|
|a Typografická úprava Rudolfa Hály
|
| 500 |
|
|
|a Náklad: 200 číslovaných výtisků
|
| 500 |
|
|
|a Papír: Ruční papír Umbria s filigrány
|
| 500 |
|
|
|a Filigrány: P. N. Fabriano, Italia Umbria
|
| 546 |
|
|
|a Písmem Claude Garamond
|
| 562 |
|
|
|a Podpis: L. Dvořáček
|b 2619791922
|5 CZ-BrMZK
|
| 562 |
|
|
|a Podpis: Rudolf Hála
|b 2619791922
|5 CZ-BrMZK
|
| 562 |
|
|
|a Podpis: Jos. Hladký
|b 2619791922
|5 CZ-BrMZK
|
| 562 |
|
|
|a Vazba: Originální celousňová vazba se zlaceným rámcem, na přední desce zlacený klíč, horní zlacená ořízka, papíroý přebal
|b 2619791922
|5 CZ-BrMZK
|
| 655 |
|
7 |
|a české povídky
|7 fd133971
|2 czenas
|
| 655 |
|
7 |
|a bibliofilie
|7 fd131893
|2 czenas
|
| 700 |
1 |
|
|a Hála, Rudolf,
|d 1892-1968
|7 jk01033181
|4 bkd
|
| 700 |
1 |
|
|a Dvořáček, Ladislav,
|d 1912-1991
|7 mzk2009521847
|4 etr
|
| 830 |
|
0 |
|a Amfora
|0 s
|
| 910 |
|
|
|a BOA001
|b Bf1-0287.958
|
| 990 |
|
|
|a BK
|
| 996 |
6 |
|
|b 2619791922
|c Bf1-0287.958
|l Stud. starých tisků/4.patro
|r Sklad / do násl. otevíracího dne
|n 7
|w 000439069
|u 000010
|a 1
|e BOA001
|j MZK50
|s P
|